00818nam a2200193 a 450000100060000000300080000600500170001400800390003103500190007004000280008904100080011708200250012511001180015024502020026826000470047030000340051760000480055165100250059926866BD-RjUL20211209051058.0140323s1960 ii ac 000 0 eng a(BD-RjUL)26937 aDLCcCarPdBD-RjULbeng aeng a954.01bJNB 19602231 aCalcutta.bUniversity.bDepartment of Ancient Indian History and Culture.bAlumni Association. [from old catalog]10aJ. N. Banerjea volume :ca collection of articles by his friends and pupils presented on his retirement from Carmicheal Professorship of Ancient Indian History and Culture, University of Calcutta / aCalcutta :bThe alumni association,c1960. axiv, 352 p. :bill. ;c23 cm.10aBanerjea, Jitendra Nath. [from old catalog] 0aIndiaxCivilization.